000 00868nas a2200289 4500
001 BR9500735
003 BR-BrBNA
005 20231205093844.0
007 ta
008 230509b bl.|||p| |||| 00| 00por d
040 _aBR-BrBNA
_bpor
_cBiblioteca Nacional de Agricultura
041 _a(Pt)
072 _aF03
100 1 _aLyra, J.R.M.
100 1 _aAraujo, E.
100 1 _aDantas, J.P.
100 1 _aQueiroga, V. de P.
100 1 _aBruno, R. de L.A.
245 1 _aQualidade de sementes de gergelim ((Sesamum indicum L.)produzidas sob condicoes de estresse salino
650 _aSemente
650 _aGergelim
650 _aTeste de Sementes
650 _aSalinidade
773 0 _tRevista Brasileira de Sementes (Brazil)
_xISSN 0101-3122
_g(1992), v. 14(2) p. 201-206
_wBR9500735
909 _a202311
_bLúcia
_c55
_dLúcia Elande
942 _2AGRIS
_n0
_cANA
999 _c140753
_d140753